|
|
|
|
| LEADER |
00823nab a2200229 i 4500 |
| 001 |
acta17315 |
| 005 |
20240312143753.0 |
| 008 |
161015s1957 hu o 0|| hun d |
| 022 |
|
|
|a 0586-3686
|
| 040 |
|
|
|a SZTE Egyetemi Kiadványok Repozitórium
|b hun
|
| 041 |
|
|
|a hun
|
| 041 |
|
|
|a ger
|
| 041 |
|
|
|a rus
|
| 100 |
1 |
|
|a Wellesz Teréz
|
| 245 |
1 |
3 |
|a Az ultraviola sugarak hatásának vizsgálata a paradicsom-termés ascorbinsav tartalmánek alakulása szempontjából
|h [elektronikus dokumentum] /
|c Wellesz Teréz
|
| 260 |
|
|
|c 1957
|
| 300 |
|
|
|a 125-136
|
| 490 |
0 |
|
|a A Szegedi Pedagógiai Főiskola évkönyve
|
| 650 |
|
4 |
|a Természettudományok
|
| 650 |
|
4 |
|a Kémiai tudományok
|
| 695 |
|
|
|a Ultraibolya sugárzás és hatása
|
| 856 |
4 |
0 |
|u http://acta.bibl.u-szeged.hu/17315/1/tanarkepzo_1957_2_125-136.pdf
|z Dokumentum-elérés
|